Estatísticas para Cultura Geral

Clique aqui para jogar o quiz

Estatísticas Gerais

  • Esse quiz foi jogado 14 vezes
  • A pontuação média é 7 de 15

Estatísticas das Respostas

HintResposta% Correto
Que nome damos a um veículo equipado para o transporte ou prestação de primeiros socorros a doentes e feridos?Ambulância
92%
Que nome damos a um videoclipe criado para anunciar um filme, série, seriado, jogo eletrônico ou uma outra publicação?Trailer
92%
Que nome damos ao cómodo de uma casa que é usado como espaço para estudo e trabalho?Escritório
83%
Que nome damos á técnica que permite a um organismo ou objeto permanecer indistinto do ambiente que o cerca?Camuflagem
58%
Qual é o símbolo do Níquel?Ni
58%
Que nome damos ao prémio norte-americano da indústria cinematográfica entregue pela Academia de Artes e Ciências Cinematográficas?Óscar
58%
Que nome damos á administração de uma vacina para prevenção de doenças?Vacinação
50%
Que nome damos ao processo cognitivo de compreender uma informação escrita?Leitura
42%
Que nome damos á peça de mobília onde as pessoas se sentam e/ou deitam?Sofá
42%
Que nome damos á condição patológica causada pela exposição, ingestão, inalação ou injecção de uma substância tóxica?Intoxicação
33%
Em que série televisiva participou Megan Markle?Suits
25%
Que nome damos á distribuição controlada de recursos, e bens e serviços escassos?Racionamento
17%
Que nome damos á utilização de símbolos para exprimir as ideias humanas?Escrita
8%
Que nome damos á construção de conhecimento através de percepção, associação, memória, raciocínio e juízo?Cognição
0%
Que nome damos ao objeto utilizado para a secagem de roupas após a lavagem?Estendal
0%

Distribuição das Pontuações

Percentil de Números Respondidos

Porcentagem de Pessoas com Cada Pontuação

Sua Pontuação Histórica

Você não jogou esse quiz